| 000 | 00810nam a2200253 a 4500 | ||
|---|---|---|---|
| 001 | 66214 | ||
| 003 | BD-RjUL | ||
| 005 | 20211209081519.0 | ||
| 008 | 170315s1966 nyua b 001 0 eng | ||
| 035 | _a(BD-RjUL)66344 | ||
| 035 | _a526953 | ||
| 040 |
_aLC _beng _cLC _dBD-RjUL |
||
| 041 | _aeng | ||
| 082 | 0 | 4 |
_a155.41 _223 _bPER 1966 |
| 245 | 0 | 0 |
_aPerceptual development in children / _cedited by Aline H. Kidd and Jeanne L. Rivoire. |
| 260 |
_aNew York : _bInternational Universities Press, _c1966. |
||
| 300 |
_axix, 548 p. : _bill. ; _c24 cm. |
||
| 504 | _aIncludes bibliographies. | ||
| 650 | 0 |
_aPerception in children. _9195932 |
|
| 650 | 2 |
_aPerception _xIn infancy & childhood. _9195933 |
|
| 700 | 1 |
_aKidd, Aline H., _d1922- _9195934 |
|
| 700 | 1 |
_aRivoire, Jeanne L., _d1926- _9195935 |
|
| 942 |
_2ddc _cBK |
||
| 999 |
_c66214 _d66214 |
||